Letter perfect /

What begins as a practical joke culminates in the cruel harrassment of the victim.

Bibliographic Details
Main Author: Crawford, Charles P.
Format: Book
Language:English
Published: New York : Dutton, [1977]
Edition:1st ed.
Subjects:

MARC

Tag First Indicator Second Indicator Subfields
LEADER 00000pam a2200000 a 4500
001 in00000103478
005 20150929180432.0
008 770317s1977 nyu j 00011 engm
010 |a  77004180  
020 |a 0525336354 :  |c $6.95 
035 |a (OCoLC)02875194 
035 |9 AAN2701AM 
040 |a DLC  |c DLC  |d TXA  |d UtOrBLW 
049 |a [Curr Col] TXAM  |c [1562213] 
050 0 0 |a PZ7.C85417  |b Le 
100 1 |a Crawford, Charles P. 
245 1 0 |a Letter perfect /  |c by Charles P. Crawford. 
250 |a 1st ed. 
264 1 |a New York :  |b Dutton,  |c [1977] 
264 4 |c ©1977 
300 |a 167 pages ;  |c 22 cm. 
336 |a text  |b txt  |2 rdacontent 
337 |a unmediated  |b n  |2 rdamedia 
338 |a volume  |b nc  |2 rdacarrier 
520 |a What begins as a practical joke culminates in the cruel harrassment of the victim. 
650 1 |a Teachers  |x Fiction. 
650 1 |a Friendship  |x Fiction. 
650 1 |a Schools  |v Fiction. 
999 |a MARS 
999 f f |s 6cddcc92-7ee4-3387-ac5c-70f7c67a502a  |i fe2b251f-8a6b-3ecf-8dfd-9de71eb3b3ab  |t 0 
952 f f |p ric  |a Texas A&M University  |b Rellis Campus  |c Joint Library Facility  |d Remote Storage  |t 0  |e PZ7.C85417 Le  |h Library of Congress classification  |i unmediated -- volume  |m A14806275888 
998 f f |a PZ7.C85417 Le  |t 0  |l Remote Storage